000 00291nam a2200121Ia 4500
005 20251222154406.0
008 251222s9999||||xx |||||||||||||| ||spa||
020 _a84-8238-338-8
082 _a659.1/G22
100 _a"García, Manuel M."
245 0 _aLas relaciones públicas
942 _cLIB
999 _c35497
_d35497